Autobiografía 3. Euforia y utopía
Tallennettuna:
| Päätekijä: | |
|---|---|
| Aineistotyyppi: | Kirja |
| Kieli: | espanja |
| Julkaistu: |
Madrid
Alianza
1974
|
| Sarja: | El Libro de Bolsillo. Sección Humanidades
|
| Aiheet: | |
| Tagit: |
Lisää tagi
Ei tageja, Lisää ensimmäinen tagi!
|
MARC
| LEADER | 00000nam a2200000 a 4500 | ||
|---|---|---|---|
| 001 | UCO5071 | ||
| 003 | CL-VaPUC | ||
| 008 | 000825e19740000SP |||||||||||||||||spa|d | ||
| 082 | 0 | 4 | |a 808.883 |b KOE |2 21 |
| 100 | |a Koestler, Arthur |e author |9 449822 | ||
| 245 | 1 | 0 | |a Autobiografía 3. Euforia y utopía |
| 300 | |a 237 p | ||
| 942 | |c BK | ||
| 945 | |d 20000825 00:00:00 |a crobeson | ||
| 260 | |a Madrid |b Alianza |c 1974 | ||
| 650 | 0 | |a Autobiografías |9 265171 | |
| 650 | 7 | |a ESCRITORES ALEMANES |2 CL-VaPUC |9 449823 | |
| 650 | 0 | |a Literatura alemana |9 265457 | |
| 583 | |a last modification |c 20000825 00:00:00 |k Rodrigo Vera | ||
| 490 | 0 | |a El Libro de Bolsillo. Sección Humanidades | |
| 999 | |c 291025 |d 291023 | ||
| 952 | |0 0 |1 0 |4 0 |6 808_883000000000000_KOE_1974 |7 0 |8 A |9 340661 |a BIBART |b BIBART |d 2019-11-20 |i 1218603 |o 808.883 KOE 1974 |p 1218603 |r 2025-03-13 |w 2019-11-20 |y BK |k ART | ||